| 000 | 01424cam a22003734i 4500 | ||
|---|---|---|---|
| 003 | PE-LiUPU | ||
| 005 | 20250731183418.0 | ||
| 008 | 150625s r 000 0 d | ||
| 035 | _a(Sirsi) a34856 | ||
| 040 |
_aPE-LiUPU _bspa _cPE-LiUPU _erda |
||
| 082 | 0 | 4 |
_a780.92 _bC / P47 _221 |
| 100 | 1 |
_aPetit, Pierre, _d1922-2000, _eautor. |
|
| 245 | 1 | 0 |
_aRavel / _cPierre Petit ; traducción por Felipe Ximénez de Sandoval. |
| 250 | _a4a | ||
| 264 | 1 |
_aMadrid : _bEspasa-Calpe, _c1982. |
|
| 300 |
_a126 páginas ; _c16 cm |
||
| 336 |
_atext _2rdacontent |
||
| 337 |
_aunmediated _2rdamedia |
||
| 338 |
_avolume _2rdacarrier |
||
| 505 | 0 | _aLos Años Jóvenes. - En Lucha Con La Enseñanza Oficial. - Ravel El Infalible. - La Guerra. - La Gloria. - Las Últimas Obras Maestras. | |
| 526 | _aP158 | ||
| 526 | _aP146 | ||
| 526 | _aP17 | ||
| 526 | _aP12 | ||
| 526 | _aP06 | ||
| 600 | 1 |
_aRavel, Maurice. _d1875-1937 |
|
| 700 | 1 |
_aXiménez de Sandoval, Felipe, _d1903-1978, _etraductor. |
|
| 910 | _a | ||
| 942 |
_2ddc _cBOOK |
||
| 949 |
_a780.92 C / P47 _wDEWEY _c1 _i23127 _lCCODEBUL1 _mBUL _p00.00 _r0 _sY _tBOOK _u2015-06-25 _xBIBLIOTECA _zUNKNOWN _0COMPRA _o.STAFF. Colección General |
||
| 596 | _a1 | ||
| 999 |
_a780.92 C / P47 _wDEWEY _c42758 _i23127 _f2021-11-9 _g5 _lCCODEBUL1 _mBUL _r0 _sY _tBOOK _u2015-6-25 _xEDUCACION _zUNKNOWN _0COMPRA _o.STAFF. Colección General _d42758 |
||
| 980 |
_81 _gALBERTO SANCHEZ Responsable de Automatización |
||